| 000 | 01772nam a2200445Ii 4500 | ||
|---|---|---|---|
| 001 | DIGUCAUCA0110 | ||
| 003 | NyNyDIG | ||
| 006 | m o d | ||
| 007 | cr ||||||||||| | ||
| 008 | 220503s2020 ck a ob 001 0 spa d | ||
| 035 | _a(OCoLC)1301904097 | ||
| 040 |
_aDGITA _beng _erda _epn _cDGITA |
||
| 020 |
_a9789587324488 _qeBook _qpdf |
||
| 020 | _z9789587324471 | ||
| 050 | 1 | 4 | _aGN346 ebook |
| 082 | 0 | 4 | _a305.800723 |
| 100 | 1 |
_aDrexler, Josef, _eauthor. |
|
| 245 | 1 | 0 |
_aInvestigar la vida social : _borientaciones desde la etnografía / _cJosef Drexler, Jairo Tocancipá-Falla. |
| 250 | _aPrimera edición en español. | ||
| 264 | 1 |
_aPopayán, Colombia : _beditorial UC, Editorial Universidad del Cauca, _c2020. |
|
| 300 |
_a1 online resource : _billustrations. |
||
| 336 |
_atext _btxt _2rdacontent |
||
| 337 |
_acomputer _bc _2rdamedia |
||
| 338 |
_aonline resource _bcr _2rdacarrier |
||
| 347 |
_atext file _2rdaft |
||
| 347 | _bPDF | ||
| 504 | _aIncludes bibliographical references and index. | ||
| 588 | 0 | _aOnline resource; title from PDF title page (Digitalia, viewed May 3, 2022) | |
| 650 | 0 |
_aEthnology _xMethodology. |
|
| 650 | 0 |
_aSociology _xMethodology. |
|
| 650 | 0 |
_aSocial sciences _xMethodology. |
|
| 655 | 0 | _aElectronic books. | |
| 700 | 1 |
_aTocancipá, Jairo, _eauthor. |
|
| 791 | 2 |
_aDigitalia (Firm), _edistributor. |
|
| 793 | 0 |
_gDigitalia eBook Collection: _aEditorial Universidad del Cauca |
|
| 776 | 0 | 8 |
_iPrint version: _aDrexler, Josef. _tInvestigar la vida social. _bPrimera edición en español. _dPopayán, Colombia : editorial UC, Editorial Universidad del Cauca, 2020 _z9789587324471 |
| 856 | 4 | 0 |
_3Digitalia Hispánica _uhttps://www.digitaliapublishing.com/a/111401/ |
| 910 | _aPremium collection: 2022 | ||
| 942 | _cRAA | ||
| 999 |
_c273156 _d273156 |
||